[Event "Hessen-chB"]
[Site "Marburg"]
[Date "2006.04.13"]
[Round "3.26"]
[White "Ottinger, Ruediger"]
[Black "Kuhn, Gerhard"]
[Result "1/2-1/2"]
[WhiteElo "1733"]
[BlackElo "2085"]
[PlyCount "92"]
[EventDate "2006.04.13"]
[EventType "swiss"]
[EventRounds "7"]
[EventCountry "GER"]
[SourceTitle "EXT 2007"]
[Source "ChessBase"]
[SourceDate "2006.11.23"]
[SourceVersion "1"]
[SourceVersionDate "2006.11.23"]
[SourceQuality "1"]

1. d4 Nf6 2. Nf3 g6 3. c4 Bg7 4. Nc3 d5 5. Qb3 dxc4 6. Qxc4 0-0 7. e4 Na6 8. Qb3 c5 9. d5 e6 10. Bxa6 bxa6 11. 0-0 Qb6 12. Qc2 exd5 13. e5 Bf5 14. Qd1 Ng4 15. Nxd5 Qb7 16. Bg5 Qxb2 17. Ne7+ Kh8 18. Nxf5 gxf5 19. Qd5 Nxe5 20. Nxe5 Qxe5 21. Qxe5 Bxe5 22. Rac1 Bd4 23. Be3 Rfd8 24. Bxd4+ cxd4 25. Rfd1 Rac8 26. Kf1 Rxc1 27. Rxc1 d3 28. Rd1 Kg7 29. Ke1 Kf6 30. f4 Rd4 31. g3 Re4+ 32. Kf1 Re3 33. Rd2 Ke6 34. Kf2 Re4 35. Rxd3 Ra4 36. a3 Rc4 37. Ke3 Rc2 38. h3 Rh2 39. h4 Rg2 40. Kd4 Ra2 41. Kc4 Rc2+ 42. Kb4 Rb2+ 43. Kc4 a5 44. Rd8 Rg2 45. Rd3 a6 46. Kc5 Rb2 1/2-1/2